| 000 | 00410nam a2200145Ia 4500 | ||
|---|---|---|---|
| 008 | 210716s2006 xx 000 0 und d | ||
| 020 | _a9788132101000 | ||
| 041 | _aeng | ||
| 082 | _a519.7 GAUA | ||
| 100 | _aGaur,Ajai S;Gaur, Sanjaya S. | ||
| 245 | _aStatistical methods for practice and research. | ||
| 260 |
_aNew Delhi _bResponse Books _c2006 |
||
| 300 | _a170 | ||
| 650 | _aStatistical Mathematics(519.5) | ||
| 999 |
_c204778 _d204778 |
||